[Event "Hoogeveen Amateurs op 25th"]
[Site "Hoogeveen"]
[Date "2022.10.22"]
[Round "7.27"]
[White "Vos, Roald"]
[Black "Shah, Shanay"]
[Result "0-1"]
[WhiteElo "1184"]
[BlackElo "1194"]
[PlyCount "56"]
[EventDate "2022.10.15"]
[EventType "swiss"]
[EventRounds "7"]
[EventCountry "NED"]
[SourceTitle "CBM 210 Extra"]
[Source "ChessBase"]
[SourceDate "2022.11.30"]
[SourceVersion "1"]
[SourceVersionDate "2022.11.30"]
[SourceQuality "1"]

1. e4 e5 2. Nf3 Nc6 3. Bc4 Bc5 4. 0-0 d6 5. c3 Nf6 6. Re1 Bg4 7. d4 exd4 8. cxd4 Nxd4 9. h3 Nxf3+ 10. gxf3 Bxh3 11. Qd3 Qd7 12. f4 Qg4+ 13. Qg3 Qd7 14. Qxg7 Rf8 15. f5 Nh5 16. Qg5 Bb4 17. Re3 Qc6 18. b3 b5 19. Bd2 Bxd2 20. Bd5 Qc1+ 21. Kh2 Bxe3 22. Qxh5 Bxf2 23. Nd2 Qxa1 24. Bc6+ Kd8 25. Qg5+ Kc8 26. Kxh3 Qh1+ 27. Kg4 Qg2+ 28. Kh5 Qh3+ 0-1